A handbook for your sure success and high marks in exams: (Record no. 19489)

MARC details
000 -LEADER
fixed length control field 00933nam a22002297a 4500
008 - FIXED-LENGTH DATA ELEMENTS--GENERAL INFORMATION
fixed length control field 081204t xxu||||| |||| 00| 0 eng d
010 ## - LCCN (DPL NO)
LC control number ENG-91986
020 ## - INTERNATIONAL STANDARD BOOK NUMBER
Terms of availability 59.00
035 ## - SYSTEM CONTROL NUMBER
System control number EN-75519
037 ## - SOURCE OF ACQUISITION
Source of stock number/acquisition DBAD / PUB
040 ## - CATALOGING SOURCE
Original cataloging agency dpl
Language of cataloging English
082 ## - DEWEY DECIMAL CLASSIFICATION NUMBER
Classification number 371.30281
100 ## - MAIN ENTRY--PERSONAL NAME
Personal name Muralidharan
245 ## - TITLE STATEMENT
Title A handbook for your sure success and high marks in exams:
Statement of responsibility, etc by Muralidharan
Remainder of title tast taking strategies and study skills /
260 ## - PUBLICATION, DISTRIBUTION, ETC. (IMPRINT)
Place of publication, distribution, etc Chennai
Name of publisher, distributor, etc CBH Publishers & Distributors
Date of publication, distribution, etc 2006(repr.).
270 ## - ADDRESS
Address 20, Vijayalakshmi Street, Mahalingapuram, Nungambakkam,
City Chennai
Postal code 600034
300 ## - PHYSICAL DESCRIPTION
Extent 96p.:
Dimensions 20cm (pbk)
Other physical details ill.
650 ## - SUBJECT ADDED ENTRY--TOPICAL TERM
Topical term or geographic name as entry element Test-taking skills.
650 ## - SUBJECT ADDED ENTRY--TOPICAL TERM
Topical term or geographic name as entry element Study skills.
942 ## - ADDED ENTRY ELEMENTS (KOHA)
Source of classification or shelving scheme Dewey Decimal Classification
Item type English Books
Call number suffix MUR
Classification part 371.30281
Holdings
Withdrawn status Lost status Source of classification or shelving scheme Damaged status Not for loan Collection code Home library Current library Date acquired Source of acquisition Cost, normal purchase price Total Checkouts Full call number Barcode Date last seen Copy number Cost, replacement price Koha item type
    Dewey Decimal Classification   Not For Loan Non-fiction D.B.Act.Division D.B.Act.Division 04/12/2008 DBAD / PUB 59.00   371.30281 MUR EN-75519 04/12/2008 1 59.00 English Books

© Delhi Public Library
Hit Counter
free hit counter